Statistics for European Countries excluding Repeated Letters

Click here to take the quiz!

General Stats

  • This quiz has been taken 76 times
  • The average score is 27 of 45

Answer Stats

COUNTRY % Correct
France
96%
Spain
96%
Ireland
94%
Norway
93%
Portugal
91%
Germany
90%
Italy
90%
Iceland
87%
Belgium
85%
Poland
84%
Denmark
82%
Estonia
82%
Ukraine
81%
Switzerland
79%
Slovenia
78%
Serbia
76%
Belarus
70%
Hungary
67%
Ndo
55%
Grc
54%
Ruia
52%
Swdn
52%
Filad
51%
Lthun
51%
Romni
49%
Mldva
49%
Ltvi
49%
Mcedoni
49%
Croti
48%
Ksv
48%
Slovki
48%
Mlt
48%
Lxemborg
46%
Bulgri
45%
Mtgr
45%
S Mrio
45%
Thrlads
43%
Ustri
43%
Lbni
39%
Ute Kgom
39%
Lchs
37%
Mnac
36%
Zh Rpubli
33%
Vn Y
31%
Bs D Hrzgv
21%

Score Distribution

Percentile by Number Answered

Percent of People with Each Score

Your Score History

You have not taken this quiz